Empty space: (Record no. 181915)

000 -LEADER
fixed length control field 00453nam a22001697a 4500
020 ## - INTERNATIONAL STANDARD BOOK NUMBER
ISBN 9789355939869
082 ## - DEWEY DECIMAL CLASSIFICATION NUMBER
Classification number M803
Item number DEE/E
100 ## - MAIN ENTRY--AUTHOR NAME
Personal name Deedi Damodaran
245 ## - TITLE STATEMENT
Title Empty space:
Sub Title bashpeekruthayude aaramviral/
Statement of responsibility, etc by Deedi Damodaran
260 ## - PUBLICATION, DISTRIBUTION, ETC. (IMPRINT)
Place of publication Thrissur:
Name of publisher Book worm,
Year of publication 2026.
300 ## - PHYSICAL DESCRIPTION
Number of Pages 120+47p.
650 ## - SUBJECT ADDED ENTRY--TOPICAL TERM
Topical Term Memoirs Prameela nair
650 ## - SUBJECT ADDED ENTRY--TOPICAL TERM
Topical Term Memoirs Malayalam
650 ## - SUBJECT ADDED ENTRY--TOPICAL TERM
Topical Term Literature Malayalam
650 ## - SUBJECT ADDED ENTRY--TOPICAL TERM
Topical Term Literature
942 ## - ADDED ENTRY ELEMENTS (KOHA)
Koha item type Book
Holdings
Withdrawn status Lost status Damaged status Not for loan Permanent Location Current Location Shelving location Date acquired Cost, normal purchase price Full call number Accession Number Price effective from Koha item type
        Sree Sankaracharya University of Sanskrit Sree Sankaracharya University of Sanskrit Stacks 01.06.2026 250.00 M803 DEE/E 108936 01.06.2026 Book